Normal view
MARC view
- Sharwood R
Entry Personal Name
001 - CONTROL NUMBER
- control field: 12668
003 - CONTROL NUMBER IDENTIFIER
- control field: OSt
005 - DATE AND TIME OF LATEST TRANSACTION
- control field: 20220803170106.0
008 - FIXED-LENGTH DATA ELEMENTS
- fixed length control field: 220803|| aca||aabn | a|a d
040 ## - CATALOGING SOURCE
- Original cataloging agency: OSt
- Transcribing agency: OSt
100 ## - HEADING--PERSONAL NAME
- Personal name: Sharwood R
670 ## - SOURCE DATA FOUND
- Source citation: Work cat.: (OSt)10071: Middlebrooks E J 12666, Natural System For Waste Management And Treatment, 1988